000 00389cam a22001457a 4500
008 180718b1962 xxu||||| |||| 00| 0 eng d
082 _aB2 P697/B834
100 _aBrumbaugh, Robert S.
245 _aPlato for the modern age
_cby Robert S. Brumbaugh
260 _aNew York
_bCrowell-Collier
_c1962
300 _a256p.
500 _a$3.95
650 _aPlato.
650 _aPolitical Science
999 _c361404
_d361404